000 00962nam a2200325 a 4500
001 24997
003 BD-RjUL
005 20211209050821.0
008 140316s1981 hiu 000 0 eng
020 _a0824807596 :
020 _a082480760X (pbk.) :
020 _a0824807596 :
020 _a082480760X (pbk.) :
035 _a(BD-RjUL)25066
040 _aLC
_beng
_cLC
_dSFU
_dBD-RjUL
041 1 _aengjpn
082 0 0 _a952
_219
_bAST 1981
245 0 0 _aAs the Japanese see it :
_bpast and present /
_ccompiled and edited by Michiko Y. Aoki and Margaret B. Dardess.
250 _apaperback ed.
260 _aHonolulu :
_bUniversity Press of Hawaii,
_cc1981.
300 _aix, 315 p. ;
_c22 cm.
651 0 _aJapan
_xCivilization.
_965133
700 1 _aAoki, Michiko Yamaguchi.
_976890
700 1 _aDardess, Margaret B.
_976891
942 _2ddc
_cBK
999 _c24997
_d24997